[Event "Heart of Finland op 30th"]
[Site "Jyvaskyla"]
[Date "2022.07.21"]
[Round "5"]
[White "Koykka, Pekka"]
[Black "Nieminen, Kari"]
[Result "1-0"]
[WhiteElo "2361"]
[BlackElo "2079"]
[PlyCount "125"]
[EventDate "2022.07.18"]
[EventType "swiss"]
[EventRounds "9"]
[EventCountry "FIN"]
[SourceTitle "CBM 209 Extra"]
[Source "ChessBase"]
[SourceDate "2022.09.30"]
[SourceVersion "1"]
[SourceVersionDate "2022.09.30"]
[SourceQuality "1"]

1. Nf3 c5 2. g3 g6 3. Bg2 Bg7 4. c4 Nc6 5. Nc3 d6 6. 0-0 Nf6 7. a3 0-0 8. Rb1 Rb8 9. b4 b6 10. d3 Bd7 11. Bg5 Re8 12. Qc1 Qc8 13. Re1 Bh3 14. Bh1 Bg4 15. Nd2 h6 16. Be3 Kh7 17. Nf1 Ng8 18. Bd2 Bd7 19. b5 Nd8 20. a4 Nb7 21. Nd5 e6 22. Nc3 Qc7 23. h4 f5 24. Ne3 Nf6 25. Ng2 Nd8 26. Nf4 Nf7 27. Ra1 Ne5 28. a5 Re7 29. Ra2 Be8 30. Qc2 Bf7 31. Rea1 Qd8 32. axb6 axb6 33. Ra8 Rxa8 34. Rxa8 Qc7 35. Qa4 Ned7 36. Ra7 Qd8 37. Qa6 g5 38. hxg5 hxg5 39. Nh3 g4 40. Ng5+ Kg6 41. Nxf7 Rxf7 42. Rb7 Ne8 43. Qa7 Bxc3 44. Bxc3 Ne5 45. Qxb6 Qg5 46. Qa5 Qc1+ 47. Be1 Rf8 48. Qc3 Qd1 49. Qd2 Qb1 50. Rb8 Rh8 51. Bg2 Kf7 52. Kf1 Rh5 53. Qa5 Nf6 54. Qc7+ Nfd7 55. Rd8 Ke7 56. Qc8 Rh2 57. Bc6 Kf6 58. Rxd7 Nxd7 59. Qd8+ Ke5 60. Qxd7 d5 61. Qg7+ Kd6 62. Qd7+ Ke5 63. Bxd5 1-0

[Event "FIN-chT 1920"]
[Site "Finland"]
[Date "2019.09.14"]
[Round "1.8"]
[White "Nieminen, Kari"]
[Black "Sjoman, Tapani"]
[Result "1/2-1/2"]
[WhiteElo "2118"]
[BlackElo "1953"]
[PlyCount "52"]
[EventDate "2019.09.14"]
[EventType "team-tourn"]
[EventRounds "11"]
[EventCountry "FIN"]
[SourceTitle "EXT 2020"]
[Source "ChessBase"]
[SourceDate "2019.10.17"]
[SourceVersion "1"]
[SourceVersionDate "2019.10.17"]
[SourceQuality "1"]
[WhiteTeam "Espoo MatSK"]
[BlackTeam "Espoo MatSK II"]
[WhiteTeamCountry "FIN"]
[BlackTeamCountry "FIN"]

1. e4 e6 2. d4 d5 3. Nc3 Bb4 4. e5 c5 5. a3 Bxc3+ 6. bxc3 Ne7 7. h4 Qc7 8. Nf3 Nbc6 9. h5 h6 10. Be2 Bd7 11. 0-0 g6 12. Nh4 0-0-0 13. a4 gxh5 14. Bxh5 Rdf8 15. Ba3 f6 16. f4 b6 17. Qe1 fxe5 18. fxe5 Na5 19. Bc1 Nc4 20. Rf6 Rfg8 21. Bf7 Rg4 22. Rxe6 Re4 23. Qg3 Bxe6 24. Bxe6+ Kb8 25. Nf3 Qd8 26. Qg7 Ne3 1/2-1/2

[Event "Bangkok Cha Am op 18th"]
[Site "Bangkog"]
[Date "2018.04.19"]
[Round "7"]
[White "Vishwa, Vasnawala"]
[Black "Nieminen, Kari"]
[Result "1/2-1/2"]
[WhiteElo "1558"]
[BlackElo "2117"]
[PlyCount "72"]
[EventDate "2018.04.13"]
[EventType "swiss"]
[EventRounds "9"]
[EventCountry "THA"]
[SourceTitle "CBM 184 Extra"]
[Source "ChessBase"]
[SourceDate "2018.06.28"]
[SourceVersion "1"]
[SourceVersionDate "2018.06.28"]
[SourceQuality "1"]

1. d4 Nf6 2. Bf4 d5 3. e3 e6 4. Nd2 Bd6 5. Bg3 0-0 6. Ngf3 b6 7. Bd3 Bb7 8. Qe2 a5 9. c3 Ba6 10. Bxa6 Nxa6 11. e4 Be7 12. e5 Nd7 13. 0-0 c5 14. a3 Nc7 15. Rac1 c4 16. Ne1 b5 17. Nc2 Ra7 18. f4 Rb7 19. Qf3 Rb6 20. f5 exf5 21. Qxf5 Rg6 22. Ne3 Nb6 23. Qf2 b4 24. axb4 axb4 25. Nf5 Ne6 26. Nf3 bxc3 27. bxc3 Na8 28. Nxe7+ Qxe7 29. Nh4 Rg4 30. Nf5 Qd7 31. h3 Rg6 32. Bh4 Re8 33. Nd6 Rf8 34. Nf5 Re8 35. Nd6 Rf8 36. Nf5 Re8 1/2-1/2

[Event "Bangkok Cha Am op 18th"]
[Site "Bangkog"]
[Date "2018.04.17"]
[Round "5"]
[White "Kollmann, Robert"]
[Black "Nieminen, Kari"]
[Result "1/2-1/2"]
[WhiteElo "1905"]
[BlackElo "2117"]
[PlyCount "44"]
[EventDate "2018.04.13"]
[EventType "swiss"]
[EventRounds "9"]
[EventCountry "THA"]
[SourceTitle "CBM 184 Extra"]
[Source "ChessBase"]
[SourceDate "2018.06.28"]
[SourceVersion "1"]
[SourceVersionDate "2018.06.28"]
[SourceQuality "1"]

1. f4 d5 2. Nf3 g6 3. e3 Bg7 4. Be2 c5 5. 0-0 Nc6 6. Qe1 Nf6 7. d3 0-0 8. Ne5 Qc7 9. Nxc6 bxc6 10. Nd2 Qb6 11. Qg3 e6 12. Kh1 Ba6 13. Re1 c4 14. dxc4 Rfd8 15. c3 c5 16. Bf3 Rac8 17. e4 dxe4 18. Nxe4 Bxc4 19. Nxf6+ Bxf6 20. Qf2 Qc7 21. Be3 Be7 22. b3 Bd5 1/2-1/2

[Event "FIN-chT1A 1718"]
[Site "Finland"]
[Date "2017.12.03"]
[Round "5.6"]
[White "Rantanen, Veikko J"]
[Black "Nieminen, Kari"]
[Result "1/2-1/2"]
[WhiteElo "2000"]
[BlackElo "2150"]
[PlyCount "52"]
[EventDate "2017.09.16"]
[EventType "team-tourn"]
[EventRounds "7"]
[EventCountry "FIN"]
[SourceTitle "EXT 2020"]
[Source "ChessBase"]
[SourceDate "2019.10.17"]
[SourceVersion "1"]
[SourceVersionDate "2019.10.17"]
[SourceQuality "1"]
[WhiteTeam "Akaa"]
[BlackTeam "Espoo MatSK II"]
[WhiteTeamCountry "FIN"]
[BlackTeamCountry "FIN"]

1. e4 c5 2. Nf3 Nc6 3. d4 cxd4 4. Nxd4 g6 5. c4 Bg7 6. Be3 Nf6 7. Nc3 d6 8. Be2 0-0 9. 0-0 Bd7 10. Rc1 Nxd4 11. Bxd4 Bc6 12. f3 a5 13. b3 Nd7 14. Bxg7 Kxg7 15. Qd4+ Kg8 16. Rfd1 Nc5 17. e5 Qb6 18. exd6 Rad8 19. Nd5 Bxd5 20. cxd5 exd6 21. h4 Rde8 22. Bc4 Re5 23. Re1 Rfe8 24. Kf1 Qb4 25. Rxe5 Rxe5 26. Qc3 Qxc3 1/2-1/2

[Event "FIN-chT1A 1718"]
[Site "Finland"]
[Date "2017.09.17"]
[Round "2.3"]
[White "Nieminen, Kari"]
[Black "Hosia, Akseli"]
[Result "1/2-1/2"]
[WhiteElo "2150"]
[BlackElo "1923"]
[PlyCount "109"]
[EventDate "2017.09.16"]
[EventType "team-tourn"]
[EventRounds "7"]
[EventCountry "FIN"]
[SourceTitle "EXT 2020"]
[Source "ChessBase"]
[SourceDate "2019.10.17"]
[SourceVersion "1"]
[SourceVersionDate "2019.10.17"]
[SourceQuality "1"]
[WhiteTeam "Espoo MatSK II"]
[BlackTeam "Turku TuTS II"]
[WhiteTeamCountry "FIN"]
[BlackTeamCountry "FIN"]

1. e4 e6 2. d4 d5 3. Nc3 Bb4 4. e5 c5 5. a3 Bxc3+ 6. bxc3 Qc7 7. h4 Ne7 8. h5 b6 9. h6 gxh6 10. Bb5+ Bd7 11. Bd3 cxd4 12. cxd4 Qc3+ 13. Bd2 Qxd4 14. Nf3 Qg4 15. Qe2 Nf5 16. Nh4 h5 17. Nxf5 exf5 18. g3 Nc6 19. Rxh5 Nd4 20. Qxg4 fxg4 21. 0-0-0 Rc8 22. Kb2 Bb5 23. Bxb5+ Nxb5 24. Bg5 Nc3 25. Rd4 Ne4 26. Be3 Rc5 27. Rb4 Ra5 28. c4 Nc5 29. Rb5 Rxb5+ 30. cxb5 Ne6 31. Bd2 Nd4 32. a4 Ke7 33. Bg5+ Ke6 34. Kc3 Nf3 35. Bf4 Rc8+ 36. Kd3 Rc4 37. Rh6+ Ke7 38. a5 bxa5 39. Ra6 Rc7 40. Rxa5 Rb7 41. Ra6 h5 42. Kc3 Rxb5 43. Rxa7+ Ke6 44. Ra6+ Kf5 45. Rf6+ Ke4 46. Rxf7 d4+ 47. Kc4 Rxe5 48. Rh7 Rf5 49. Re7+ Ne5+ 50. Bxe5 Rxe5 51. Rf7 Re8 52. Rf4+ Ke5 53. Kd3 Ra8 54. Re4+ Kf5 55. Rf4+ 1/2-1/2

[Event "FIN-chT1B 1617"]
[Site "Finland"]
[Date "2017.03.11"]
[Round "7.3"]
[White "Nieminen, Kari"]
[Black "Nippula, Timo"]
[Result "1-0"]
[WhiteElo "2144"]
[BlackElo "2221"]
[PlyCount "49"]
[EventDate "2016.09.17"]
[EventType "team-tourn"]
[EventRounds "7"]
[EventCountry "FIN"]
[SourceTitle "EXT 2019"]
[Source "ChessBase"]
[SourceDate "2018.10.10"]
[SourceVersion "1"]
[SourceVersionDate "2018.10.10"]
[SourceQuality "1"]
[WhiteTeam "Espoo MatSK II"]
[BlackTeam "Kotka KymS"]
[WhiteTeamCountry "FIN"]
[BlackTeamCountry "FIN"]

1. e4 e5 2. Nf3 Nf6 3. Nxe5 d6 4. Nf3 Nxe4 5. d4 d5 6. Bd3 Be7 7. 0-0 Nc6 8. Nc3 Nf6 9. h3 0-0 10. a3 Be6 11. Re1 Ne8 12. Ne2 Bf6 13. c3 Qd7 14. Ng3 g6 15. Ne5 Nxe5 16. dxe5 Bg7 17. Qe2 c6 18. f4 Nc7 19. f5 Bxf5 20. Nxf5 gxf5 21. Qh5 Rfe8 22. Bxf5 Re6 23. Qxh7+ Kf8 24. Bg5 Qe8 25. Bxe6 1-0

[Event "Hasselbacken op"]
[Site "Stockholm"]
[Date "2016.05.03"]
[Round "4"]
[White "Bergstrom, Rolf"]
[Black "Nieminen, Kari"]
[Result "1/2-1/2"]
[WhiteElo "2298"]
[BlackElo "2127"]
[PlyCount "69"]
[EventDate "2016.04.30"]
[EventType "swiss"]
[EventRounds "9"]
[EventCountry "SWE"]
[SourceTitle "CBM 172 Extra"]
[Source "ChessBase"]
[SourceDate "2016.06.21"]
[SourceVersion "1"]
[SourceVersionDate "2016.06.21"]
[SourceQuality "1"]

1. e4 c5 2. Nf3 e6 3. c3 d5 4. e5 d4 5. g3 Ne7 6. Bg2 Nec6 7. 0-0 g5 8. h3 h6 9. d3 Nd7 10. cxd4 cxd4 11. Qe2 Bg7 12. Na3 0-0 13. Nc4 Qc7 14. Re1 Rb8 15. a4 b5 16. axb5 Rxb5 17. Nd6 Rd5 18. Nc4 Rb5 19. b3 Ndxe5 20. Ba3 Rd8 21. Rac1 Nxf3+ 22. Qxf3 Nb4 23. Ne5 Qb7 24. Qxb7 Bxb7 25. Nxf7 Rd7 26. Bxb7 Rbxb7 27. Ne5 Bxe5 28. Rxe5 Kf7 29. Rc8 Kf6 30. Re4 Nxd3 31. Rf8+ Rf7 32. Rxf7+ Kxf7 33. Rxd4 Rxb3 34. Rd7+ Kg6 35. Rxa7 1/2-1/2

[Event "FIN-chT1B 1516"]
[Site "Finland"]
[Date "2015.10.10"]
[Round "3.6"]
[White "Nyrhinen, Harri"]
[Black "Nieminen, Kari"]
[Result "0-1"]
[WhiteElo "1981"]
[BlackElo "2119"]
[PlyCount "72"]
[EventDate "2015.09.12"]
[EventType "team-tourn"]
[EventRounds "8"]
[EventCountry "FIN"]
[SourceTitle "EXT 2017"]
[Source "ChessBase"]
[SourceDate "2016.10.25"]
[SourceVersion "1"]
[SourceVersionDate "2016.10.25"]
[SourceQuality "1"]
[WhiteTeam "Helsinki SSK"]
[BlackTeam "Espoo MatSK II"]
[WhiteTeamCountry "FIN"]
[BlackTeamCountry "FIN"]

1. e4 c5 2. c3 d6 3. d4 Nf6 4. Bd3 g6 5. Nf3 Bg7 6. 0-0 0-0 7. dxc5 dxc5 8. Be3 Qc7 9. Qc2 Ng4 10. Bg5 Nc6 11. Na3 a6 12. Nc4 b5 13. Ne3 Nxe3 14. Bxe3 c4 15. Be2 Bb7 16. Rad1 Rad8 17. Rxd8 Nxd8 18. Rd1 e5 19. Nd2 Ne6 20. b3 cxb3 21. axb3 Rd8 22. Rc1 Nc5 23. c4 b4 24. Ra1 Bf8 25. Qa2 Kg7 26. Qa5 Qc8 27. Kf1 f6 28. Ke1 Rxd2 29. Bxd2 Nxb3 30. Qa2 Nxa1 31. Qxa1 Bxe4 32. f3 Bb7 33. Qa5 Qc5 34. Qd8 Be7 35. Qd7 Bc8 36. Be3 Bxd7 0-1

[Event "FIN-chT 1415"]
[Site "Finland"]
[Date "2014.11.15"]
[Round "5.8"]
[White "Von Wright, Aarne"]
[Black "Nieminen, Kari"]
[Result "1/2-1/2"]
[WhiteElo "2143"]
[BlackElo "2116"]
[PlyCount "44"]
[EventDate "2014.09.27"]
[EventType "team-tourn"]
[EventRounds "11"]
[EventCountry "FIN"]
[SourceTitle "EXT 2016"]
[Source "ChessBase"]
[SourceDate "2015.10.08"]
[SourceVersion "1"]
[SourceVersionDate "2015.10.08"]
[SourceQuality "1"]
[WhiteTeam "Jyvaskyla JyS"]
[BlackTeam "Espoo MatSK II"]
[WhiteTeamCountry "FIN"]
[BlackTeamCountry "FIN"]

1. f4 Nf6 2. Nf3 c5 3. g3 g6 4. Bg2 Bg7 5. d3 Nc6 6. 0-0 0-0 7. e4 d6 8. Na3 Rb8 9. c3 b5 10. Nc2 b4 11. c4 Qb6 12. Ne3 a5 13. Rb1 Qa7 14. Kh1 a4 15. Nh4 Bb7 16. f5 Ne5 17. Nd5 Bxd5 18. exd5 a3 19. b3 Rbe8 20. fxg6 hxg6 21. Bg5 Qd7 22. Nf3 Qf5 1/2-1/2

[Event "FIN-chT 1415"]
[Site "Finland"]
[Date "2014.09.27"]
[Round "1.6"]
[White "Nieminen, Kari"]
[Black "Pulkkinen, Kari"]
[Result "1/2-1/2"]
[WhiteElo "2116"]
[BlackElo "2266"]
[PlyCount "118"]
[EventDate "2014.09.27"]
[EventType "team-tourn"]
[EventRounds "11"]
[EventCountry "FIN"]
[SourceTitle "CBM 162 Extra"]
[Source "ChessBase"]
[SourceDate "2014.10.17"]
[SourceVersion "1"]
[SourceVersionDate "2014.10.17"]
[SourceQuality "1"]
[WhiteTeam "Espoo MatSK II"]
[BlackTeam "Espoo MatSK"]
[WhiteTeamCountry "FIN"]
[BlackTeamCountry "FIN"]

1. e4 c5 2. Nc3 e6 3. Nf3 Nc6 4. d4 cxd4 5. Nxd4 d6 6. Be3 Nf6 7. Be2 Be7 8. 0-0 0-0 9. Kh1 a6 10. f4 Bd7 11. Qe1 Nxd4 12. Bxd4 Bc6 13. Qg3 b5 14. a3 g6 15. Rad1 Nxe4 16. Qh3 f5 17. Nxe4 Bxe4 18. c4 bxc4 19. Bxc4 d5 20. Be2 Bf6 21. Qe3 Bxd4 22. Rxd4 Rb8 23. b4 Qb6 24. Rc1 Rfc8 25. Rxc8+ Rxc8 26. h3 Qc6 27. Kh2 Qc3 28. Qxc3 Rxc3 29. a4 Rc2 30. Bf1 Rb2 31. Kg1 g5 32. g3 gxf4 33. gxf4 Kf7 34. Bxa6 e5 35. fxe5 Ke6 36. b5 Kxe5 37. Rd1 Kf4 38. Bb7 Rg2+ 39. Kf1 Rh2 40. Rxd5 Bxd5 41. Bxd5 Rd2 42. Bc6 Ke5 43. a5 Ra2 44. a6 Kd6 45. Kg1 Kc5 46. Kf1 Kb6 47. Bd7 f4 48. Kg1 Rd2 49. Bc6 h5 50. h4 Re2 51. Kh1 Re3 52. Kh2 Rg3 53. Bd7 Rd3 54. Bc6 Rd2+ 55. Kg1 Re2 56. Kh1 Re7 57. Kg2 Rg7+ 58. Kh2 Rg3 59. Bd7 Rg7 1/2-1/2

[Event "FIN-chT1 East 1314"]
[Site "Finland"]
[Date "2013.11.02"]
[Round "3.8"]
[White "Nieminen, Kari"]
[Black "Kivinen, Jyrki"]
[Result "1-0"]
[WhiteElo "2117"]
[BlackElo "1904"]
[PlyCount "33"]
[EventDate "2013.09.21"]
[EventType "team-tourn"]
[EventRounds "9"]
[EventCountry "FIN"]
[SourceTitle "EXT 2022"]
[Source "ChessBase"]
[SourceDate "2021.10.06"]
[SourceVersion "1"]
[SourceVersionDate "2021.10.06"]
[SourceQuality "1"]
[WhiteTeam "Espoo MatSK II"]
[BlackTeam "Helsinki SSK"]
[WhiteTeamCountry "FIN"]
[BlackTeamCountry "FIN"]

1. e4 c5 2. Nc3 Nc6 3. Nge2 e6 4. d4 cxd4 5. Nxd4 d5 6. Bb5 Qd6 7. 0-0 a6 8. exd5 exd5 9. Re1+ Be7 10. Nxc6 bxc6 11. Qxd5 Qxd5 12. Nxd5 cxb5 13. Nc7+ Kd7 14. Nxa8 Kc6 15. Bf4 Bd7 16. Nc7 a5 17. c4 1-0

[Event "FIN-chT1 East 1314"]
[Site "Finland"]
[Date "2013.10.12"]
[Round "2.7"]
[White "Harju, Jukka"]
[Black "Nieminen, Kari"]
[Result "1/2-1/2"]
[WhiteElo "2079"]
[BlackElo "2117"]
[PlyCount "42"]
[EventDate "2013.09.21"]
[EventType "team-tourn"]
[EventRounds "9"]
[EventCountry "FIN"]
[SourceTitle "EXT 2022"]
[Source "ChessBase"]
[SourceDate "2021.10.06"]
[SourceVersion "1"]
[SourceVersionDate "2021.10.06"]
[SourceQuality "1"]
[WhiteTeam "Tampere Tammer II"]
[BlackTeam "Espoo MatSK II"]
[WhiteTeamCountry "FIN"]
[BlackTeamCountry "FIN"]

1. f4 d5 2. Nf3 g6 3. e3 Bg7 4. d4 Nh6 5. c4 c6 6. Nc3 0-0 7. cxd5 cxd5 8. Qb3 e6 9. Bd3 Nc6 10. Bd2 b6 11. Ne2 Bd7 12. Rc1 Rb8 13. 0-0 Kh8 14. h3 f6 15. e4 Na5 16. Qb4 Re8 17. Be3 Bf8 18. Qd2 dxe4 19. Bxe4 Bb5 20. b3 Nf5 21. Bf2 Nd6 1/2-1/2

[Event "FIN-chT 1213"]
[Site "Finland"]
[Date "2013.02.10"]
[Round "11.8"]
[White "Mustonen, Tapani"]
[Black "Nieminen, Kari"]
[Result "0-1"]
[WhiteElo "1917"]
[BlackElo "2140"]
[PlyCount "118"]
[EventDate "2012.09.28"]
[EventType "team-tourn"]
[EventRounds "11"]
[EventCountry "FIN"]
[SourceTitle "EXT 2014"]
[Source "ChessBase"]
[SourceDate "2013.11.20"]
[SourceVersion "1"]
[SourceVersionDate "2013.11.20"]
[SourceQuality "1"]
[WhiteTeam "Joensuu SK"]
[BlackTeam "Espoo MatSK"]
[WhiteTeamCountry "FIN"]
[BlackTeamCountry "FIN"]

1. d4 Nf6 2. Bg5 Ne4 3. h4 d5 4. Nd2 c5 5. Ngf3 Nc6 6. e3 Bg4 7. c3 f6 8. Bf4 c4 9. Qc2 Bf5 10. Qa4 a6 11. Nxe4 Bxe4 12. Nd2 Bg6 13. g4 b5 14. Qd1 e6 15. h5 Bf7 16. Bg2 Be7 17. e4 0-0 18. a3 e5 19. Be3 exd4 20. cxd4 Rc8 21. exd5 Bxd5 22. Bxd5+ Qxd5 23. Qf3 Rfd8 24. Qxd5+ Rxd5 25. Nf3 Bd8 26. Kd2 Ne5 27. Nh2 Bb6 28. Kc3 Nc6 29. Nf3 Na5 30. Rad1 Nb3 31. Nh4 Kf7 32. Nf5 a5 33. Bf4 Rcd8 34. Rhe1 R8d7 35. Re4 Bd8 36. Ne3 a4 37. Nxd5 Rxd5 38. Ree1 Ba5+ 39. Kc2 Bxe1 40. Rxe1 Nxd4+ 41. Kc3 Ne6 42. Be3 Rd3+ 43. Kc2 Nc7 44. Bd2 Nd5 45. g5 Rf3 46. gxf6 gxf6 47. Rg1 Rxf2 48. h6 Ne3+ 49. Kc3 Nf5 50. Rh1 Ng3 51. Rh4 f5 52. Be1 Ne4+ 53. Kd4 Rxb2 54. Ke5 Re2 55. Bb4 c3 56. Kxf5 c2 57. Rg4 c1Q 58. Rg7+ Ke8 59. Ke6 Qxh6+ 0-1

[Event "FIN-chT 1213"]
[Site "Finland"]
[Date "2012.11.18"]
[Round "7.8"]
[White "Laakso, Harri"]
[Black "Nieminen, Kari"]
[Result "1/2-1/2"]
[WhiteElo "2181"]
[BlackElo "2140"]
[PlyCount "24"]
[EventDate "2012.09.28"]
[EventType "team-tourn"]
[EventRounds "11"]
[EventCountry "FIN"]
[SourceTitle "CBM 151 Extra"]
[Source "ChessBase"]
[SourceDate "2012.12.18"]
[SourceVersion "1"]
[SourceVersionDate "2012.12.18"]
[SourceQuality "1"]
[WhiteTeam "Vantaa"]
[BlackTeam "Espoo MatSK"]
[WhiteTeamCountry "FIN"]
[BlackTeamCountry "FIN"]

1. e4 c5 2. c3 d5 3. exd5 Qxd5 4. d4 Nc6 5. Nf3 Bg4 6. Be2 cxd4 7. cxd4 e6 8. 0-0 Nf6 9. Nc3 Qa5 10. h3 Bh5 11. Ne5 Bxe2 12. Nxe2 Be7 1/2-1/2

[Event "FIN-chT1A 1112"]
[Site "Finland"]
[Date "2012.01.14"]
[Round "5.3"]
[White "Lappalainen, Sasu"]
[Black "Nieminen, Kari"]
[Result "1/2-1/2"]
[WhiteElo "2092"]
[BlackElo "2145"]
[PlyCount "89"]
[EventDate "2011.09.17"]
[EventType "team-tourn"]
[EventRounds "7"]
[EventCountry "FIN"]
[SourceTitle "EXT 2019"]
[Source "ChessBase"]
[SourceDate "2018.10.10"]
[SourceVersion "1"]
[SourceVersionDate "2018.10.10"]
[SourceQuality "1"]
[WhiteTeam "Vantaa Remi"]
[BlackTeam "Espoo MatSK II"]
[WhiteTeamCountry "FIN"]
[BlackTeamCountry "FIN"]

1. c4 e5 2. Nc3 Nc6 3. Nf3 g6 4. g3 Bg7 5. Bg2 d6 6. d3 Nf6 7. d4 0-0 8. d5 Ne7 9. Bg5 h6 10. Bxf6 Bxf6 11. Qd2 Bg7 12. 0-0-0 a6 13. h4 b5 14. c5 b4 15. Na4 Rb8 16. h5 g5 17. e4 Kh7 18. Ne1 f5 19. f4 gxf4 20. gxf4 fxe4 21. fxe5 Bxe5 22. Bxe4+ Bf5 23. Qd3 Qd7 24. b3 Bxe4 25. Qxe4+ Qf5 26. Qxf5+ Rxf5 27. Nd3 Nxd5 28. Rhe1 Bg7 29. Re6 Rd8 30. Rg1 Rxh5 31. cxd6 cxd6 32. Nab2 Rc8+ 33. Nc4 Nc3 34. Nxd6 Rc6 35. Rxg7+ Kxg7 36. Ne8+ Kf8 37. Rxc6 Nxa2+ 38. Kb2 Rh2+ 39. Rc2 Rxc2+ 40. Kxc2 Kxe8 41. Kb2 Nc3 42. Nxb4 Ne4 43. Nxa6 h5 44. Nc7+ Kd7 45. Nd5 1/2-1/2